| 000 | 01130naa a22002777a 4500 | ||
|---|---|---|---|
| 001 | BR8706766 | ||
| 003 | BR-BrBNA | ||
| 005 | 20240918175855.0 | ||
| 007 | ta | ||
| 008 | 230509b bl.||||| |||| 00| 0 por d | ||
| 040 |
_aBR-BrBNA _bpor _cBiblioteca Nacional de Agricultura |
||
| 041 | _a(Pt) | ||
| 072 |
_aP07 _b8905 _bG514 |
||
| 090 | _aP07 BR8706766 | ||
| 100 | 1 | _aMilioli, V.A. | |
| 111 | 1 |
_aSeminario sobre Tecnologia do Carvao _cFlorianopolis, SC (Brazil) _dSep 1981 |
|
| 245 | 1 | _aProducao e beneficiamento do carvao em Santa Catarina [Brasil] | |
| 260 | 3 |
_aFlorianopolis, SC (Brasil): _c1981. |
|
| 500 | _aSeminario sobre Tecnologia do Carvao Florianopolis, SC (Brasil): 1981. p. 27-50 (BR8706766-AM)P07 A monografia está disponível na(o)5 tables; 6 illus. *Universidade Federal de Santa Catarina. Florianopolis, SC (Brazil). Centro de Ciencias Agrarias | ||
| 650 | _aCARVAO | ||
| 650 | _aBENEFICIAMENTO | ||
| 650 | _aSANTA CATARINA | ||
| 773 | 0 |
_tSeminario sobre Tecnologia do Carvao _wP07 BR8706766 _gFlorianopolis, SC (Brasil), 1981. p. 27-50 |
|
| 909 |
_a202404 _bLucia _c55 _dLucia Elande |
||
| 942 |
_cAM _2AGRIS |
||
| 999 |
_c318532 _d318532 |
||